Animales mas veloces del mundo - Estadísticas

Estadísticas generales
  • Esta prueba ha sido intentada 104 veces
  • La puntuación promedio es 3 de 15
Estadísticas de respuestas
Hint Respuesta % Correcto
360 Km/h Halcón Peregrino
59%
70 Km/h Avestruz
45%
100 Km/h Pez Espada
34%
110 Km/h Pez Vela
31%
88 Km/h Caballo
24%
100 Km/h Colibrí
16%
100 Km/h Libélula
10%
124 Km/h Tiburón Mako
8%
200 Km/h Vencejo
6%
98 Km/h Berrendo
5%
65 Km/h Coyote
5%
120 Km/h Guepardo Chita
5%
90 Km/h Ardilla de las Carolinas
2%
60 Km/h Liebre Europea
2%
90 Km/h Tigre Siberiano
2%
No se encontraron pruebas coincidentes
Distribución de puntuación
Porcentaje de gente con cada puntuación
Porcentaje por número respondido
Historial de tus puntuaciones
No has intentado esta prueba.